Notice this similarity? (Record no. 72551)

MARC details
000 -LEADER
fixed length control field 01421cam a2200265 4500
001 - CONTROL NUMBER
control field ABS66615
008 - FIXED-LENGTH DATA ELEMENTS--GENERAL INFORMATION
fixed length control field 030428n2003 000 0 eng u
035 ## - SYSTEM CONTROL NUMBER
System control number (Sirsi) u122095
100 ## - MAIN ENTRY--PERSONAL NAME
Personal name Murdoch, S.
245 ## - TITLE STATEMENT
Title Notice this similarity?
260 ## - PUBLICATION, DISTRIBUTION, ETC.
Date of publication, distribution, etc. 2003
490 ## - SERIES STATEMENT
Series statement Estates Gazette
Volume/sequential designation (0310) 8 March 2003, 162(1)
520 ## - SUMMARY, ETC.
Summary, etc. In "Trafford MBC v Total Fitness (UK) Ltd" ([2002] EWCA Civ 1513, [2003] 2 P&CR 8-23(17) the CA held that when deciding whether a notice is valid the reasonable recipient test as laid down in "Mannai Investment Co Ltd v Eagle Star Life Assurance Co UK" (HL Abs57166) must first be applied to decide what the notice means. Only if, as a result of that process, an ambiguity or defect remains, does it become necessary to consider whether the notice complies with any mandatory, statutory or contractual requirements. The notice in this instance was found to be valid (see also WB3808-23, WB3809-23, WB3810-19 and WB3811-24).
590 ## - LOCAL NOTE (RLIN)
Local note ABS
650 ## - SUBJECT ADDED ENTRY--TOPICAL TERM
Topical term or geographic name entry element MANNAI INVESTMENT CO LTD V EAGLE STAR LIFE ASSURANCE CO LTD UK
650 ## - SUBJECT ADDED ENTRY--TOPICAL TERM
Topical term or geographic name entry element TRAFFORD MBC V TOTAL FITNESS (UK) LTD
650 ## - SUBJECT ADDED ENTRY--TOPICAL TERM
Topical term or geographic name entry element NOTICES
650 ## - SUBJECT ADDED ENTRY--TOPICAL TERM
Topical term or geographic name entry element BREAK NOTICES
650 ## - SUBJECT ADDED ENTRY--TOPICAL TERM
Topical term or geographic name entry element COMMERCIAL LEASES
650 ## - SUBJECT ADDED ENTRY--TOPICAL TERM
Topical term or geographic name entry element BREAK CLAUSES
650 ## - SUBJECT ADDED ENTRY--TOPICAL TERM
Topical term or geographic name entry element SPEEDWELL ESTATES LTD AND ANOTHER V DALZIEL AND OTHERS
650 ## - SUBJECT ADDED ENTRY--TOPICAL TERM
Topical term or geographic name entry element BURMAN V MOUNT COOK LAND LTD
690 ## - LOCAL SUBJECT ADDED ENTRY--TOPICAL TERM (OCLC, RLIN)
Topical term or geographic name as entry element LANDLORD AND TENANT-BUSINESS TENANCIES-CASE LAW
942 ## - ADDED ENTRY ELEMENTS (KOHA)
Suppress in OPAC 0
Holdings
Withdrawn status Lost status Source of classification or shelving scheme Damaged status Not for loan Home library Current library Shelving location Date acquired Total Checkouts Full call number Barcode Date last seen Copy number Price effective from Koha item type
    Dewey Decimal Classification     London London Journal article 28/04/2003   ABS66615 122095-1001 06/08/2019 1 06/08/2019 Law report